窺探我心 : (Record no. 38947)
[ view plain ]
| 000 -LEADER | |
|---|---|
| fixed length control field | 00695cam a2200229 i 4500 |
| 001 - CONTROL NUMBER | |
| control field | vtls000656325 |
| 005 - DATE AND TIME OF LATEST TRANSACTION | |
| control field | 20251020153810.0 |
| 008 - FIXED-LENGTH DATA ELEMENTS--GENERAL INFORMATION | |
| fixed length control field | 040603s2004 ch 000 0dchi d |
| 015 ## - NATIONAL BIBLIOGRAPHY NUMBER | |
| National bibliography number | tw93009806 |
| 020 ## - INTERNATIONAL STANDARD BOOK NUMBER | |
| International Standard Book Number | 9577272177 (平裝) : |
| Terms of availability | NT$200 |
| 040 ## - CATALOGING SOURCE | |
| Original cataloging agency | CIP |
| Language of cataloging | chi |
| Modifying agency | TKU |
| 041 0# - LANGUAGE CODE | |
| Language code of text/sound track or separate title | chi. |
| 050 ## - LIBRARY OF CONGRESS CALL NUMBER | |
| Classification number | PL2878.A738 |
| 090 ## - LOCALLY ASSIGNED LC-TYPE CALL NUMBER (OCLC); LOCAL CALL NUMBER (OCLC) | |
| Classification number (OCLC) (R) ; Classification number, CALL (RLIN) (NR) | 855.48 |
| Local cutter number (OCLC) ; Book number/undivided call number, CALL (RLIN) | 8633 |
| 100 1# - MAIN ENTRY--PERSONAL NAME | |
| Personal name | 梁燕城, |
| Relator term | 著 |
| 245 10 - TITLE STATEMENT | |
| Title | 窺探我心 : |
| Remainder of title | 梁燕城真情手札 = Kui tan wo xin : Liang Yancheng zhen qing shou zha {ch} / |
| Statement of responsibility, etc | Liang Yancheng. |
| 250 ## - EDITION STATEMENT | |
| Edition statement | 初版. |
| 260 ## - PUBLICATION, DISTRIBUTION, ETC. (IMPRINT) | |
| Place of publication, distribution, etc | 臺北市 : |
| Name of publisher, distributor, etc | 宇宙光全人關懷, |
| Date of publication, distribution, etc | 2004[民93]. |
| 300 ## - PHYSICAL DESCRIPTION | |
| Extent | 182面 ; |
| Dimensions | 21公分. |
| 440 #0 - SERIES STATEMENT/ADDED ENTRY--TITLE | |
| Title | 梁燕城選集 ; |
| Volume number/sequential designation | 4. |
| 942 ## - ADDED ENTRY ELEMENTS (KOHA) | |
| Source of classification or shelving scheme | Library of Congress Classification |
| Item type | Books |
| Withdrawn status | Lost status | Source of classification or shelving scheme | Damaged status | Not for loan | Home library | Current library | Shelving location | Date acquired | Accession number | Total Checkouts | Full call number | Barcode | Date last seen | Price effective from | Koha item type | Copy number |
|---|---|---|---|---|---|---|---|---|---|---|---|---|---|---|---|---|
| Library of Congress Classification | BSOP Library | BSOP Library | Chinese Books (General Circulation) | 07/02/2015 | C-13997 | PL2878.A738 L61 | 00046400 | 07/02/2015 | 07/02/2015 | Books | ||||||
| Library of Congress Classification | BSOP Library | BSOP Library | Chinese Books (General Circulation) | 09/24/2025 | C-16386 | PL2878.A738 L61 | 00062358 | 10/20/2025 | 10/20/2025 | Books | c.2 |
